Clubs de Serie A (2022-2023) - Statistiques

Statistiques générales
  • Ce quiz a été pris 100 fois
  • Le résultat moyen est 13 sur 20
Statistiques - réponses
Serie A % Correct
AC Milan
99%
Inter Milan
99%
Juventus Turin
99%
SSC Naples
95%
AS Rome
91%
SS Lazio
88%
ACF Fiorentina
83%
Atalanta Bergame
74%
US Sassuolo
68%
Torino FC
66%
UC Sampdoria
65%
Hellas Verone
56%
Udinese Calcio
51%
Bologne FC 1909
47%
Spezia Calcio
47%
US Lecce
35%
Empoli FC
30%
US Cremonese
30%
US Salernitana
29%
AC Monza
27%
Aucun quiz correspondant
Distribution des résultats
% des personnes avec chaque résultat
Percentile par nombre de réponses
Votre historique - résultats
Vous n’avez pas pris ce quiz